000 00552nam a22001937a 4500
005 20240613093023.0
008 240613b |||||||| |||| 00| 0 eng d
020 _a0-19-521910-4
082 _a302.2
_bADL-U
100 _aAdler,Ronald.B
245 _aUnderstanding Human Communication/
_cRonald B.Adler
250 _a8th ed.
260 _aUSA;
_bOxford University Press;
_c2003.
300 _axvii, 524 p.:
_bill;
_c25 cm.
500 _aInclude index.
650 _aSocial Sciencees/Social Interaction
700 _aGeorge Rodman
999 _c35913
_d35913